000 01217nam a22003737a 4500
003 CHAP
005 20220817043926.0
008 040130d2003 it rn 00110 spa d
010 _a88022
011 _a88994
020 _a923046112
035 _a99543
040 _cCHAP
082 0 4 _a632.4
_bF3y v.73
110 2 _aFAO
245 1 0 _aManual sobre la aplicación del sistema de análisis de peligros y de puntos críticos de control (APPCC) en la prevención y control de las micotoxinas
_c/by FAO
260 _aRome :
_bFAO,
_c2003.
300 _a132 p.
410 0 0 _aFAO
490 0 _aAlimentación y nutrición
_v; 73
590 _aBATCH-UPD
_b10
_c20130110
_lUCH01
_h1321
590 _aBATCH-UPD
_b10
_c20130410
_lUCH01
_h0831
590 _aBATCH-UPD
_b10
_c20130914
_lUCH01
_h0204
590 _aCONVERSION
_b10
_c20130109
_lUCH01
_h1349
650 1 4 _aAlimentos
_xContaminación.
_94205
650 1 4 _aAlimentos
_xToxicología.
_94296
650 1 4 _aHongos
_xExcreciones tóxicas.
_956100
810 0 _aFAO
830 0 0 _aAlimentacion y nutricion
_v; 73
_94112
901 _aBK
905 _aMayto Villalobos S.
942 _cLIBRO
949 _a632.4 F3Y v.73
_bBC
_cFAO
_d33724000913075
_eFAO1
_h104238
_i99543
_sb
999 _c88022
_d88022